000 00497nam a2200157 4500
999 _c17348
_d17348
008 220928b ||||| |||| 00| 0 eng d
020 _a9781119850441
082 _22022
_aDC 641.5
_bR922
100 _aRust, Rosanne.
_946164
245 _aZero Waste Cooking For Dummies /
_cRosanne Rust
260 _aNew Jersey :
_bJohn Wiley & Sons, Inc.,
_c©2022.
300 _a320 pages :
_billustrations ;
_c23 cm.
500 _aIncludes appendix and index.
650 _aCooking.
_946165
942 _2ddc
_cDC